Regulácia penzijných fondov v EÚ

Základné princípy novej smernice o penzijných fondoch v EÚ. Ekonomické efekty prijatej smernice. Štruktúra aktív európskych schém doplnkového penzijného poistenia.

Salvato in:
Dettagli Bibliografici
Autore principale: Baláž, Vladimír
Natura: Capitolo di libro
Lingua:slovacco
Soggetti:
Tags: Aggiungi Tag
Nessun Tag, puoi essere il primo ad aggiungerne!!

MARC

LEADER 00000naa a2200000 4500
001 r047706
005 20230925123204.7
041 0 |a slo 
044 |a SK 
245 1 0 |a Regulácia penzijných fondov v EÚ  |c Vladimír Baláž 
520 |a Základné princípy novej smernice o penzijných fondoch v EÚ. Ekonomické efekty prijatej smernice. Štruktúra aktív európskych schém doplnkového penzijného poistenia. 
610 2 0 |a fondy penzijné 
610 2 0 |a poistenie dôchodkové doplnkové 
610 2 0 |a dôchodky 
610 2 0 |a zamestnanci 
610 2 0 |a Európska únia 
100 1 |a Baláž, Vladimír